Sang sawa yang malang

Bibliographic Details
Main Author: Kelembai
Format: Book
Published: P.J : Eddiplex , 1995
Series:Siri Warga Rimba
Subjects:

MARC

LEADER 00000cam a2200000 7i4500
001 0000006652
002 000007174
005 20000330.0
020 |a 9838801682 
090 0 0 |a JF   |b KEL 
100 0 |a Kelembai 
245 1 0 |a Sang sawa yang malang   |c cerita & illustrasi oleh Kelembai 
260 |a P.J :   |b Eddiplex ,   |c 1995 
300 |a 23p. :   |b ill ;   |c 24cm. 
490 0 |a Siri Warga Rimba 
650 0 0 |a Children's stories, Malay 
999 |a 038668   |b BUKU   |c PINJAMAN   |e PERPUSTAKAAN KOMUNITI PETALING JAYA